000 01524nam a22003617a 4500
003 DO-SdBNP
005 20250902112519.0
007 ta
008 110504s2021 dr ao 000 0 spa d
020 _a9789945929614
040 _aDO-SdBNP
_bspa
_cBNPHU
_erda
082 4 _a306.097293
_bC397a 2020
_222
110 2 _aCentro Cultural Eduardo León Jimenes
_956909
245 1 0 _aAnuario 2020 :
_bLa cultura sigue siendo esperanza /
_cDaniela Cruz Gil ; traducción Julia Scribe-Loyer, Ismérie Pajot ; fotografías Daniel Collado, Alexandra Guzmán, Annette González
264 1 _aSantiago de los Caballeros, República Dominicana :
_bCentro León,
_c2021.
300 _a151 páginas
_bilustraciones, fotografías,
_c32 cm.
336 _2rdacontent
_atexto
_btxt
337 _2rdamedia
_asin mediación
_bn
338 _2rdacarrier
_avolumen
_bnc
590 _aInventariado, 2023/ YL
610 2 0 _aCentro Cultural Eduardo León Jimenes
_956909
650 7 _aArte
_981690
_vExposiciones
_2LEMB
650 7 _aCultura
_zRepública Dominicana
_91983
_y2020
_2LEMB
650 4 _aCentros culturales
_zRepública Dominicana
_981691
_2LEMB
700 1 _aCruz Gil, Daniela
_eredacción
_981699
700 1 _aScrive-Loyer, Julia
_etraducción
_981700
700 1 _aPajot, Ismerie
_etraducción
_917679
700 1 _aCollado, Daniel
_efotografía
_976983
700 1 _aGuzmán, Alexandra
_efotografía
_981701
700 1 _aGonzález, Annette
_efotografía
_984572
910 _aYLockward/Validado. Control de calidad MFF
942 _2ddc
_cLBS1
999 _c55402
_d55402